Agricultural Holdings Act 1984: a supplement to provide references to the Agricultural Holdings Act 1986 (Record no. 91130)

MARC details
000 -LEADER
fixed length control field 00652cam a2200217 4500
008 - FIXED-LENGTH DATA ELEMENTS--GENERAL INFORMATION
fixed length control field 090401t1986 xxu||||| |||| 00| 0 eng d
020 ## - INTERNATIONAL STANDARD BOOK NUMBER
International Standard Book Number 0854063080
035 ## - SYSTEM CONTROL NUMBER
System control number (Sirsi) u42467
041 ## - LANGUAGE CODE
Language code of text/sound track or separate title eng
050 ## - LIBRARY OF CONGRESS CALL NUMBER
Classification number 630.026
090 ## - LOCALLY ASSIGNED LC-TYPE CALL NUMBER (OCLC); LOCAL CALL NUMBER (RLIN)
Classification number (OCLC) (R) ; Classification number, CALL (RLIN) (NR) 630.026
090 ## - LOCALLY ASSIGNED LC-TYPE CALL NUMBER (OCLC); LOCAL CALL NUMBER (RLIN)
Classification number (OCLC) (R) ; Classification number, CALL (RLIN) (NR) RICS 1986/18 ABCD
100 ## - MAIN ENTRY--PERSONAL NAME
Personal name Troup, Donald
245 ## - TITLE STATEMENT
Title Agricultural Holdings Act 1984: a supplement to provide references to the Agricultural Holdings Act 1986
260 ## - PUBLICATION, DISTRIBUTION, ETC.
Place of publication, distribution, etc. London
Name of publisher, distributor, etc. Surveyors Publications
Date of publication, distribution, etc. 1986
300 ## - PHYSICAL DESCRIPTION
Extent 6p. ; 21cm.
350 ## - PRICE (NR) (BK AM CF MU VM SE) [OBSOLETE]
Price 2.75
520 ## - SUMMARY, ETC.
Summary, etc. Published on behalf of the Royal Institution of Chartered Surveyors .
942 ## - ADDED ENTRY ELEMENTS (KOHA)
Suppress in OPAC 0
948 ## - LOCAL PROCESSING INFORMATION (OCLC); SERIES PART DESIGNATOR (RLIN)
c (OCLC) 04/03/1997
Holdings
Withdrawn status Lost status Source of classification or shelving scheme Damaged status Not for loan Home library Current library Shelving location Date acquired Total Checkouts Full call number Barcode Date last seen Copy number Price effective from Koha item type
    Dewey Decimal Classification     Historic collection Historic collection RICS Boxes 14/09/1999   RICS 1986/18 30019325 06/08/2019 1 06/08/2019 Archive
    Dewey Decimal Classification     London London RICS Boxes 14/09/1999   RICS 1986/18 30019320 06/08/2019 1 06/08/2019 Reference material
    Dewey Decimal Classification     London London RICS Boxes 14/09/1999   RICS 1986/18 30019321 06/08/2019 2 06/08/2019 Book